Valuing planning obligations in England (Record no. 105460)

MARC details
000 -LEADER
fixed length control field 01527cam a2200277 4500
001 - CONTROL NUMBER
control field ##L133721
008 - FIXED-LENGTH DATA ELEMENTS--GENERAL INFORMATION
fixed length control field 060605n2006 000 0 eng u
035 ## - SYSTEM CONTROL NUMBER
System control number (Sirsi) u133721
041 0# - LANGUAGE CODE
Language code of text/sound track or separate title eng
050 04 - LIBRARY OF CONGRESS CALL NUMBER
Classification number 711.1 $2 18
110 1# - MAIN ENTRY--CORPORATE NAME
Corporate name or jurisdiction name as entry element United Kingdom
Subordinate unit Department for Communities and Local Government
9 (RLIN) 4939
245 00 - TITLE STATEMENT
Title Valuing planning obligations in England
Remainder of title final report
260 ## - PUBLICATION, DISTRIBUTION, ETC.
Place of publication, distribution, etc. London
Name of publisher, distributor, etc. DCLG
Date of publication, distribution, etc. 2006
520 ## - SUMMARY, ETC.
Summary, etc. Provides new research on planning obligations, estimating the number of applications attracting planning obligations and the overall value of the contribution through planning obligations. The study consists of a survey of all English local authorities providing data on nearly 4 000 planning obligations and case study work in 42 local authorities providing more detailed information on 622 planning obligations.
520 ## - SUMMARY, ETC.
Summary, etc. Updated by Valuing Planning Obligations in England: update study for 2005-06 (L144744).
590 ## - LOCAL NOTE (RLIN)
Local note IKA060606 NTK
650 24 - SUBJECT ADDED ENTRY--TOPICAL TERM
Topical term or geographic name entry element TOWN AND COUNTRY PLANNING ACT 1990 S106
650 24 - SUBJECT ADDED ENTRY--TOPICAL TERM
Topical term or geographic name entry element TOWN AND COUNTRY PLANNING ACT 1990 S299
650 24 - SUBJECT ADDED ENTRY--TOPICAL TERM
Topical term or geographic name entry element PLANNING AND COMPENSATION ACT 1991
651 #4 - SUBJECT ADDED ENTRY--GEOGRAPHIC NAME
Geographic name England
Chronological subdivision 886-
690 ## - LOCAL SUBJECT ADDED ENTRY--TOPICAL TERM (OCLC, RLIN)
Topical term or geographic name as entry element ENVIRONMENTAL AND LAND CONSULTANCY-PLANNING AND DEVELOPMENT-DEVELOPMENT CONTROL
710 2# - ADDED ENTRY--CORPORATE NAME
Corporate name or jurisdiction name as entry element Halcrow Group
9 (RLIN) 4937
710 2# - ADDED ENTRY--CORPORATE NAME
Corporate name or jurisdiction name as entry element University of Sheffield
Subordinate unit Department of Town and Regional Planning
9 (RLIN) 4938
856 40 - ELECTRONIC LOCATION AND ACCESS
Uniform Resource Identifier <a href="https://www.communities.gov.uk/index.asp?id=1500142">https://www.communities.gov.uk/index.asp?id=1500142</a>
Public note View the report free of charge at www.communities.gov.uk...
942 ## - ADDED ENTRY ELEMENTS (KOHA)
Suppress in OPAC 0
Holdings
Withdrawn status Lost status Source of classification or shelving scheme Damaged status Not for loan Home library Current library Shelving location Date acquired Total Checkouts Full call number Barcode Date last seen Copy number Price effective from Koha item type
    Dewey Decimal Classification     Virtual Virtual Online 05/06/2006   ONLINE PUBLICATION 133721-2001 06/08/2019 1 06/08/2019 Book